|
|
|
|
| LEADER |
00000nas a2200000 a 4500 |
| 001 |
ssj0005089 |
| 003 |
WaSeSS |
| 005 |
20200512172242.0 |
| 006 |
m d |
| 007 |
cr n |
| 008 |
010306c18849999vauqr pss 0 a0eng c |
| 010 |
|
|
|a 2004242146
|
| 016 |
7 |
|
|a 2065970-2
|2 DE-600
|
| 016 |
7 |
|
|a 019109304
|2 Uk
|
| 022 |
|
|
|a 1938-4254
|y 0004-8038
|
| 024 |
7 |
|
|a QL671
|2 LC class
|
| 030 |
|
|
|a AUKJAF
|
| 035 |
|
|
|a (WaSeSS)ssj0005089
|
| 037 |
|
|
|b BioOne, 21 Dupont Circle, Suite 800, Washington, DC 20036 Charles Street, Baltimore, Maryland 21211
|
| 040 |
|
|
|a BIK
|b eng
|c BIK
|d OCLCQ
|d WCM
|d OCLCQ
|d MYG
|d F#A
|d MUQ
|d CUS
|d OCLCQ
|d NSD
|d EYM
|d OCLCQ
|d DLC
|d OCLCQ
|d OCLCF
|d LRU
|d OCLCQ
|d DLC
|d DEBBG
|d WT2
|d GILDS
|d OCLCQ
|d OCLCO
|d WYU
|d OCLCO
|d SPIES
|d VT2
|d IBK
|d OCLCO
|d UKMGB
|d OCLCQ
|d REC
|d WaSeSS
|
| 042 |
|
|
|a pcc
|a nsdp
|
| 050 |
|
4 |
|a QL671
|b .N9
|
| 082 |
1 |
0 |
|a 598
|2 14
|
| 130 |
0 |
|
|a Auk (Online)
|
| 222 |
|
4 |
|a The auk
|b (Online)
|
| 245 |
1 |
4 |
|a The auk
|h [electronic resource].
|
| 260 |
|
|
|a Boston, Mass. :
|b Estes & Lauriat
|
| 310 |
|
|
|a Quarterly
|
| 362 |
1 |
|
|a Began in 1884.
|
| 500 |
|
|
|a Published: New York : L.S. Foster, 1887-1900; Cambridge, Mass. : American Ornithologists' Union, 1901-
|
| 506 |
|
|
|a License restrictions may limit access.
|
| 550 |
|
|
|a Organ of the American Ornithologists' Union.
|
| 588 |
0 |
|
|a First issue; title from cover (JSTOR, viewed Oct. 31, 2007).
|
| 588 |
1 |
|
|a Vol. 121, no. 3 (July 2004) (BioOne; viewed Sept. 9, 2004).
|
| 650 |
|
0 |
|a Birds
|v Periodicals.
|
| 650 |
|
0 |
|a Ornithology
|v Periodicals.
|
| 650 |
|
6 |
|a Oiseaux
|v Périodiques.
|
| 650 |
|
6 |
|a Ornithologie
|v Périodiques.
|
| 650 |
|
7 |
|a Birds.
|2 fast
|0 (OCoLC)fst00832970
|
| 650 |
|
7 |
|a Ornithology.
|2 fast
|0 (OCoLC)fst01048358
|
| 655 |
|
0 |
|a Electronic journals.
|
| 710 |
2 |
|
|a American Ornithologists' Union.
|
| 776 |
0 |
8 |
|i Print version:
|t Auk
|x 0004-8038
|w (DLC)sf 79010123
|w (OCoLC)1518634
|
| 780 |
0 |
0 |
|t Bulletin of the Nuttall Ornithological Club
|x 2474-9370
|w (DLC) 2016202656
|w (OCoLC)655520227
|
| 856 |
4 |
0 |
|z Full text available from Research Library: 07/01/1997 to 10/31/2012
|u https://search.proquest.com/publication/42159
|